[Event "Aegean op 41st"]
[Site "Aghios Kirykos"]
[Date "2018.07.17"]
[Round "3"]
[White "Koutoukidis, Panagiotis"]
[Black "Gazis, Efstathios"]
[Result "1-0"]
[WhiteElo "2368"]
[BlackElo "2195"]
[PlyCount "101"]
[EventDate "2018.07.16"]
[EventType "swiss"]
[EventRounds "9"]
[EventCountry "GRE"]
[SourceTitle "CBM 186 Extra"]
[Source "ChessBase"]
[SourceDate "2018.08.24"]
[SourceVersion "1"]
[SourceVersionDate "2018.08.24"]
[SourceQuality "1"]

1. e4 e6 2. d4 d5 3. Nc3 Bb4 4. exd5 exd5 5. Bd3 c6 6. Qf3 Qf6 7. Bf4 Bd6 8. Qe3+ Ne7 9. Be5 Bxe5 10. dxe5 Qh4 11. Nf3 Qb4 12. 0-0-0 Nf5 13. Bxf5 Bxf5 14. Nd4 Be6 15. f4 g6 16. Qe1 Na6 17. Qe2 Nc7 18. g4 0-0-0 19. Rhf1 Rde8 20. f5 gxf5 21. gxf5 Bd7 22. Rf4 Qe7 23. Nf3 Kb8 24. Qe3 Bc8 25. Re1 c5 26. Qd2 d4 27. Ne4 Nd5 28. Nd6 Rd8 29. Rfe4 Rxd6 30. exd6 Qxd6 31. Nxd4 Nf6 32. Rf4 cxd4 33. Rxd4 Qc5 34. Qf4+ Ka8 35. Rc4 Qa5 36. Re5 Qa6 37. b3 Qa3+ 38. Kb1 Rg8 39. Qg5 Rd8 40. Rd5 Re8 41. Rxc8+ Rxc8 42. Qxf6 a6 43. Qxf7 Qb4 44. Qe6 Qc3 45. Qe4 Rg8 46. Rd1 Qc7 47. f6 Qxh2 48. f7 Rf8 49. Qe8+ Qb8 50. Re1 Ka7 51. Qxb8+ 1-0

[Event "Heraklion Capablanca Memorial 4th"]
[Site "Heraklion"]
[Date "2018.04.16"]
[Round "8"]
[White "Koutoukidis, Panagiotis"]
[Black "Ider, Borya"]
[Result "1/2-1/2"]
[WhiteElo "2332"]
[BlackElo "2510"]
[PlyCount "102"]
[EventDate "2018.04.09"]
[EventType "tourn"]
[EventRounds "9"]
[EventCountry "GRE"]
[EventCategory "6"]
[SourceTitle "CBM 184 Extra"]
[Source "ChessBase"]
[SourceDate "2018.06.28"]
[SourceVersion "1"]
[SourceVersionDate "2018.06.28"]
[SourceQuality "1"]

1. e4 g6 2. d4 Bg7 3. Nf3 c6 4. h3 d5 5. e5 Nh6 6. c4 Be6 7. Ng5 Nd7 8. Nxe6 fxe6 9. Nc3 Nf5 10. g4 Nxd4 11. Qxd4 Nxe5 12. Qd1 0-0 13. f4 Nxc4 14. Bxc4 dxc4 15. Qxd8 Raxd8 16. Ke2 b5 17. Be3 Rd3 18. Rhd1 Rfd8 19. Rxd3 Rxd3 20. Rd1 Bxc3 21. bxc3 Rxc3 22. Rd7 Rc2+ 23. Kf3 Rxa2 24. Rxa7 Rh2 25. Rc7 b4 26. Rxc6 c3 27. Kg3 Ra2 28. Kf3 c2 29. Ke4 b3 30. Kd3 Ra1 31. Rb6 Ra3 32. Rxe6 c1Q 33. Bxc1 b2+ 34. Kc2 bxc1Q+ 35. Kxc1 Kf7 36. Re4 Rxh3 37. Kd2 h6 38. Ke2 Rg3 39. f5 gxf5 40. gxf5 h5 41. Re5 Rg5 42. Kf3 h4 43. Kf4 Rg8 44. Re3 Rh8 45. Kg4 Rh7 46. Ra3 Kf6 47. Ra6+ Ke5 48. Ra5+ Kd4 49. Ra4+ Kc5 50. Ra3 Kb4 51. Rh3 Kc4 1/2-1/2

[Event "Heraklion Capablanca Memorial 4th"]
[Site "Heraklion"]
[Date "2018.04.12"]
[Round "4"]
[White "Koutoukidis, Panagiotis"]
[Black "Townsend, M Paul"]
[Result "1-0"]
[WhiteElo "2332"]
[BlackElo "2211"]
[PlyCount "81"]
[EventDate "2018.04.09"]
[EventType "tourn"]
[EventRounds "9"]
[EventCountry "GRE"]
[EventCategory "6"]
[SourceTitle "CBM 184 Extra"]
[Source "ChessBase"]
[SourceDate "2018.06.28"]
[SourceVersion "1"]
[SourceVersionDate "2018.06.28"]
[SourceQuality "1"]

1. e4 e6 2. d4 d5 3. Nc3 Bb4 4. exd5 exd5 5. Bd3 Nf6 6. Nge2 Nc6 7. 0-0 0-0 8. Bg5 Be7 9. Qd2 Re8 10. a3 Na5 11. b3 b6 12. Rfe1 c6 13. Ng3 Nb7 14. Rxe7 Qxe7 15. Nh5 Nxh5 16. Bxe7 Rxe7 17. Re1 Be6 18. Qg5 Nf6 19. Qf4 Rae8 20. f3 Nh5 21. Qe5 g6 22. Qg5 Nd6 23. g4 f6 24. Qd2 Ng7 25. Qf4 Nc8 26. Ba6 Kf7 27. Kf2 Rd7 28. h4 Nd6 29. Bd3 f5 30. h5 Ree7 31. hxg6+ hxg6 32. Rh1 Nde8 33. Rh6 Rd6 34. Ne2 Bd7 35. Ng3 Rf6 36. Qg5 Ne6 37. Qh4 fxg4 38. Bxg6+ Rxg6 39. Rxg6 N6g7 40. Nh5 g3+ 41. Nxg3 1-0

[Event "Heraklion Capablanca Memorial 4th"]
[Site "Heraklion"]
[Date "2018.04.09"]
[Round "1"]
[White "Koutoukidis, Panagiotis"]
[Black "Poetsch, Hagen"]
[Result "1-0"]
[WhiteElo "2332"]
[BlackElo "2484"]
[PlyCount "119"]
[EventDate "2018.04.09"]
[EventType "tourn"]
[EventRounds "9"]
[EventCountry "GRE"]
[EventCategory "6"]
[SourceTitle "CBM 184 Extra"]
[Source "ChessBase"]
[SourceDate "2018.06.28"]
[SourceVersion "1"]
[SourceVersionDate "2018.06.28"]
[SourceQuality "1"]

1. e4 e6 2. d4 d5 3. Nc3 Nf6 4. e5 Nfd7 5. f4 c5 6. Nf3 Nc6 7. Be3 Be7 8. Qd2 a6 9. dxc5 Nxc5 10. 0-0-0 Qa5 11. Kb1 b5 12. Ne2 Qc7 13. Ned4 Na5 14. Qe1 0-0 15. Nb3 Naxb3 16. cxb3 Ne4 17. Rc1 Qb7 18. Nd4 Bd7 19. Bd3 a5 20. a3 b4 21. a4 Rac8 22. Qe2 Nc5 23. f5 Nxd3 24. Qxd3 exf5 25. Nxf5 Bxf5 26. Qxf5 Qa6 27. Bd4 g6 28. Qf3 Qe6 29. g4 Bg5 30. Rxc8 Rxc8 31. h4 Be7 32. h5 Bc5 33. Rd1 Bxd4 34. Rxd4 Rd8 35. Rf4 d4 36. h6 d3 37. Rd4 Re8 38. Qf6 Qxf6 39. exf6 Re1+ 40. Ka2 Kf8 41. Rd8+ Re8 42. Rxd3 g5 43. Rd5 Re6 44. Rxg5 Rxf6 45. Rxa5 Rxh6 46. Rb5 Ra6 47. Rxb4 Ke7 48. Rb5 Rg6 49. g5 h6 50. gxh6 Rxh6 51. b4 Ra6 52. Kb3 Ke6 53. Rh5 Ra8 54. b5 f5 55. Kb4 f4 56. a5 f3 57. a6 f2 58. Rh1 Kd6 59. Rf1 Rf8 60. a7 1-0

[Event "Mem Spyros Bikos 1st"]
[Site "Ilioupolis"]
[Date "2014.09.17"]
[Round "3"]
[White "Sienczewski, Zbigniew"]
[Black "Koutoukidis, Panagiotis"]
[Result "0-1"]
[WhiteElo "2026"]
[BlackElo "2190"]
[PlyCount "84"]
[EventDate "2014.09.13"]
[EventType "swiss"]
[EventRounds "6"]
[EventCountry "GRE"]
[SourceTitle "EXT 2024"]
[Source "ChessBase"]
[SourceDate "2023.10.10"]
[SourceVersion "1"]
[SourceVersionDate "2023.10.10"]
[SourceQuality "1"]

1. g3 c5 2. Bg2 Nc6 3. Nf3 e5 4. d3 d5 5. 0-0 Nf6 6. Nc3 d4 7. Nb1 Be7 8. c3 0-0 9. Nbd2 Be6 10. Qc2 Rc8 11. Ng5 Bg4 12. Re1 Nd5 13. Ngf3 f6 14. Qb3 Na5 15. Qc2 Be6 16. c4 Nc7 17. b3 Qd7 18. Rb1 Nc6 19. a3 a5 20. Bb2 g5 21. Nf1 g4 22. N3d2 f5 23. Rbd1 f4 24. Ne4 Rf7 25. Bc1 Rcf8 26. Bd2 h5 27. Rb1 Na6 28. Rec1 h4 29. Be1 Rh7 30. f3 Qe8 31. fxg4 hxg3 32. h3 Kg7 33. Nfd2 Rfh8 34. Nf3 Rxh3 35. Bxh3 Rxh3 36. e3 Bxg4 37. Nfg5 Bxg5 38. Nxg5 Rh2 39. exf4 Rxc2 40. Rxc2 exf4 41. Ne4 Ne5 42. Bxa5 Nxd3 0-1